[Event "African Online-ch Women 2021"]
[Site "Online"]
[Date "2021.02.01"]
[Round "4.15"]
[White "Jambo, Linda"]
[Black "Sitoe, Cheila Andre"]
[Result "0-1"]
[WhiteElo "1478"]
[BlackElo "1588"]
[Annotator "NA RC"]
[PlyCount "62"]
[EventDate "2021.02.01"]
[EventType "swiss"]
[EventCountry "NET"]
[SourceTitle "playchess.com"]
[Source "ChessBase"]
[SourceQuality "1"]
[TimeControl "1500+10"]

1. e4 {[%emt 0:00:00]} e5 {[%emt 0:00:10]} 2. Nf3 {[%emt 0:00:06]} Nc6 {[%emt 0:00:11]} 3. Bc4 {[%emt 0:00:18]} Bc5 {[%emt 0:00:09]} 4. c3 {[%emt 0:00:42]} Nf6 {[%emt 0:00:09]} 5. d4 {[%emt 0:02:32]} exd4 {[%emt 0:00:09]} 6. cxd4 {[%emt 0:00:03]} Bb4+ {[%emt 0:00:12]} 7. Nc3 {[%emt 0:01:08]} O-O {[%emt 0:00:44]} 8. O-O {[%emt 0:00:13]} Bxc3 {[%emt 0:00:12]} 9. bxc3 {[%emt 0:00:06]} Nxe4 {[%emt 0:00:06]} 10. Qd3 {[%emt 0:00:27]} d5 {[%emt 0:00:25]} 11. Bb3 {[%emt 0:00:29]} h6 {[%emt 0:00:12]} 12. Re1 {[%emt 0:00:20]} Bf5 {[%emt 0:00:21]} 13. Qb5 {[%emt 0:06:17]} Nxc3 {[%emt 0:05:02]} 14. Qxb7 {[%emt 0:00:34]} Ne7 {[%emt 0:00:10]} 15. Qb4 {[%emt 0:01:50]} Ne4 {[%emt 0:00:08]} 16. Bxd5 {[%emt 0:01:09]} Nxd5 {[%emt 0:00:17]} 17. Qa5 {[%emt 0:02:28]} Bh7 {[%emt 0:00:26]} 18. Ba3 {[%emt 0:00:42]} Re8 {[%emt 0:00:32]} 19. Ne5 {[%emt 0:00:32]} Ndf6 {[%emt 0:02:24]} 20. Qa4 {[%emt 0:03:32]} Qd5 {[%emt 0:00:57]} 21. f3 {[%emt 0:02:53]} Nd6 {[%emt 0:01:28]} 22. Bxd6 {[%emt 0:00:10]} Qxd6 {[%emt 0:00:31]} 23. Qc4 {[%emt 0:01:16]} Qd5 {[%emt 0:00:19]} 24. Rac1 {[%emt 0:00:25]} Bf5 {[%emt 0:02:03]} 25. Qxd5 {[%emt 0:00:42]} Nxd5 {[%emt 0:00:07]} 26. Nc6 {[%emt 0:00:04]} Rxe1+ {[%emt 0:00:09]} 27. Rxe1 {[%emt 0:00:03]} Be6 {[%emt 0:00:22]} 28. g3 {[%emt 0:00:15]} a6 {[%emt 0:00:32]} 29. f4 {[%emt 0:00:08]} a5 {[%emt 0:00:17]} 30. Re5 {[%emt 0:00:09]} Nb4 {[%emt 0:00:22]} 31. Ne7+ {[%emt 0:00:22]} Kf8 {[%emt 0:00:14]} 0-1

[Event "African Online-ch Women 2021"]
[Site "Online"]
[Date "2021.02.01"]
[Round "5.1"]
[White "Latreche, Sabrina"]
[Black "Wafa, Shahenda"]
[Result "1-0"]
[WhiteElo "2076"]
[BlackElo "2143"]
[Annotator "TA"]
[PlyCount "113"]
[EventDate "2021.02.01"]
[EventType "swiss"]
[EventCountry "NET"]
[SourceTitle "playchess.com"]
[Source "ChessBase"]
[SourceQuality "1"]

{[%evp 13,113,0,14,0,2,2,27,-16,42,50,62,62,61,16,6,7,14,0,0,0,30,14,12,12,39,-70,-68,-83,-66,-79,-74,-104,-54,-62,0,-10,0,-35,4,7,8,19,58,59,125,135,160,162,160,141,215,209,330,221,204,186,278,230,202,166,175,171,252,238,244,243,322,953,929,955,940,895,891,775,841,797,776,775,595,530,29971,29972,29972,29973,29972,29973,29973,29974,29977,29978,29978,29979,29981,29982,29982,29983,29985,29982,29983,29984,29985,29986]} 1. e4 c5 2. Nc3 Nc6 3. g3 g6 4. Bg2 Bg7 5. Nge2 e6 6. d3 Nge7 7. Be3 Nd4 8. a4 {B24: Closed Sicilian: 3 g3 sidelines.} a6 9. O-O O-O 10. Qd2 {[#] White has an edge.} d5 $146 ({Black should play} 10... d6 $11) ({Predecessor:} 10... Nec6 11. f4 d6 12. Nd1 Bd7 13. Nc1 Na5 14. Qf2 Rc8 15. c3 Ndb3 16. Nxb3 Nxb3 17. Ra3 Na5 18. b4 cxb4 19. cxb4 Nc6 {½-½ (35) Juranic,B (2138)-Franic,M (2376) Mali Losinj 2016}) 11. exd5 $14 exd5 12. Nf4 {[%cal Rc3d5]} Be6 13. Rab1 Rc8 14. Nce2 Nef5 15. c3 Nxe3 16. fxe3 Nf5 17. Nxe6 fxe6 18. Nf4 Qd7 19. b3 (19. Qe2 $14) 19... d4 $1 $15 {[%cal Rd4c3]} 20. exd4 cxd4 21. c4 Ne3 22. Rfe1 {and if Nxe6! works, White does fine.} Kh8 23. Be4 Qf7 (23... Rf7 $15) 24. b4 Bh6 25. Qb2 Bg7 26. Ng2 Ng4 {next ...g5 is good for Black.} 27. Rf1 Qe7 28. Qe2 Ne5 {Black is on the road to losing.} (28... Rxf1+ $14 29. Rxf1 Nf6) 29. Nf4 $16 Rce8 30. b5 {[%cal Bb4b5,Bb5b6][%mdl 32]} a5 {[#]} 31. b6 $1 Bh6 (31... Nd7 $16 32. Bxb7 e5) 32. Rb5 $18 ({But not} 32. Bxb7 $6 Nxd3 33. Qxd3 Qxb7) 32... Qg7 (32... Nf7 {was called for.} 33. Rxa5 Nd6) 33. Rxa5 {Ra7 is the strong threat.} Nd7 34. Bxb7 {Hoping for Bc6.} Nxb6 (34... e5 $142) 35. Be4 e5 36. Nd5 $36 {[%mdl 2048] White is really pushing.} Nxd5 37. Bxd5 Be3+ (37... Qe7 $142 38. Rb5 Rxf1+ 39. Qxf1 Rf8) 38. Kg2 Rxf1 39. Qxf1 Rf8 {[#]} 40. Qxf8+ {[%mdl 512]} Qxf8 41. Ra8 Qxa8 42. Bxa8 {[%mdl 4096] Endgame KB-KB} Bd2 43. Kf3 Kg7 {[#]} 44. Ke4 $1 {[%cal Re4e5]} Kf6 45. Kd5 Ba5 46. c5 h6 47. Kd6 {White mates.} Bb4 48. Be4 Kf7 49. a5 Bxa5 50. c6 Ke8 51. c7 Bxc7+ 52. Kxc7 Ke7 53. Bxg6 {KB-K3P} Kf6 54. Be4 h5 55. h4 Ke6 56. Kc6 Kf6 57. Kd6 {Weighted Error Value: White=0.16/Black=0.32} 1-0

[Event "African Online-ch Women 2021"]
[Site "Online"]
[Date "2021.02.01"]
[Round "5.2"]
[White "Mezioud, Amina"]
[Black "Latreche, Khadidja"]
[Result "1-0"]
[WhiteElo "2071"]
[BlackElo "1900"]
[Annotator "TA"]
[PlyCount "87"]
[EventDate "2021.02.01"]
[EventType "swiss"]
[EventCountry "NET"]
[SourceTitle "playchess.com"]
[Source "ChessBase"]
[SourceQuality "1"]

{[%evp 11,87,-37,-12,-29,-25,-26,-26,-44,-13,-30,2,-17,0,-28,-26,-31,-27,-27,10,-4,30,31,31,0,-7,-47,-6,-10,10,10,17,6,28,8,56,31,34,0,63,39,40,39,54,12,27,-19,-16,-35,0,-31,0,-106,-27,-27,0,-38,946,941,1868,1872,1555,1550,1229,1166,2014,1877,2047,1975,29977,29979,29982,29980,29971,29971,29987,29988,29990,29991]} 1. e4 c5 2. Nf3 e6 3. Nc3 Nc6 4. Bb5 Nd4 5. Bf1 Nf6 6. d3 Nc6 (6... d5 {seems wilder.} 7. Be2 Be7 8. O-O O-O 9. a4 a6) 7. Qe2 {B40: Sicilian: 2...e6, Unusual lines.} d6 8. g3 Be7 9. Bg2 {Black has an edge.} O-O 10. O-O e5 11. h3 h6 {[#]} 12. Be3 $146 ({Predecessor:} 12. Nd2 Nh7 13. Nd5 f5 14. exf5 Bxf5 15. c3 Qd7 16. Kh2 Rae8 17. Nc4 Bd8 18. Bd2 b5 19. Nce3 Be6 20. a4 bxa4 {1-0 (64) Shuvalova,P (2434)-Gunina,V (2509) Budva 2019}) 12... Be6 13. Kh2 Qd7 14. Nd2 Nh7 15. f4 f5 16. exf5 Bxf5 17. g4 exf4 18. Rxf4 (18. gxf5 fxe3 19. Bd5+ (19. Qxe3 Bg5 $17) 19... Kh8 $17) 18... Bg6 19. Raf1 Rxf4 20. Bxf4 Re8 21. Bd5+ Kh8 22. Qg2 Bh4 23. Nde4 Ne5 24. Bg3 Bf6 (24... Bxg3+ $11 25. Nxg3 (25. Qxg3 b5 $11) 25... Nf6) 25. Nxf6 Nxf6 26. Bxb7 Rb8 $1 {[%cal Rb8b7]} 27. Bxe5 dxe5 28. Be4 Nxe4 29. Nxe4 Rxb2 30. Rf2 Qd4 (30... c4 $5) 31. a3 {[#]} ({Don't play} 31. Rf8+ Kh7 $17) (31. Qf3 $11 Kh7 32. g5) 31... Bxe4 ({Better is} 31... c4 $1 $17 {[%cal Rc4d3]} 32. Re2 (32. Rf8+ $2 Kh7 $19) 32... Kg8) 32. dxe4 $17 {[%mdl 4096] Endgame KQR-KQR} Qc3 33. Rd2 (33. g5 {looks sharper.} hxg5 34. Qxg5 Rxc2 35. Qh5+ Kg8 36. Qf7+) 33... Ra2 $2 {[%mdl 8192] Loses the game.} ({Wrong is} 33... Qxa3 $2 34. Rd8+ Kh7 35. Qf2 $18) (33... Qe3 $15 34. Qf2 Qxe4) 34. Qf2 $18 {Threatening mate with Rd8+.} Qc4 35. Rd8+ Qg8 36. Rxg8+ Kxg8 37. Qxc5 {[%mdl 64] [#] Double Attack. KQ-KR} Kh7 38. Kg3 Rb2 39. h4 Rb1 40. Qxe5 {White mates.} Rc1 41. Qc5 Re1 42. g5 h5 43. Qf5+ Kh8 44. g6 {[%cal Rf5f8] Weighted Error Value: White=0.20/Black=0.43} 1-0

[Event "African Online-ch Women 2021"]
[Site "Online"]
[Date "2021.02.01"]
[Round "5.3"]
[White "Moaataz, Ayah"]
[Black "McPherson, Naleli"]
[Result "0-1"]
[WhiteElo "2028"]
[BlackElo "1303"]
[Annotator "TA"]
[PlyCount "72"]
[EventDate "2021.02.01"]
[EventType "swiss"]
[EventCountry "NET"]
[SourceTitle "playchess.com"]
[Source "ChessBase"]
[SourceQuality "1"]

{[%evp 9,71,156,148,148,131,125,131,123,128,119,107,106,115,117,128,122,121,119,134,106,148,112,145,139,125,84,104,85,131,124,126,0,0,0,169,164,213,141,120,118,101,113,147,156,150,155,135,0,0,0,0,-243,-229,-931,-881,-29975,-29976,-29991,-29992,-29997,-196,-29998,-29999,-29999]} 1. c4 e5 2. g3 c5 3. Bg2 d6 4. Nc3 Be6 5. Bxb7 Nd7 6. Bxa8 {A20: English Opening: 1...e5.} Qxa8 7. e4 Bxc4 8. d3 {White is clearly better.} Be6 9. Nf3 {[#]} Be7 $146 ({Predecessor:} 9... Ngf6 10. Be3 d5 11. exd5 Nxd5 12. Rg1 Bg4 13. Ne4 c4 14. h3 Bb4+ 15. Bd2 Bxd2+ 16. Nexd2 Bxf3 17. Qxf3 cxd3 18. Qxd3 O-O 19. Rd1 Re8 20. Nb3 N7f6 21. a3 {½-½ (21) Von Rosen,J (1124)-Adelhardt,L (897) Willingen 2015}) 10. Ng5 Bxg5 11. Bxg5 Qb7 12. b3 h6 13. Be3 h5 14. h3 Ngf6 15. Qe2 O-O 16. g4 d5 17. exd5 (17. gxh5 $6 d4 $15) 17... Nxd5 18. Ne4 f5 19. gxf5 (19. Bxc5 $2 Nf4 $19) 19... Bxf5 20. O-O-O ({White should play} 20. Rg1 $16) 20... Qa6 $11 {...Bxe4 is the strong threat.} 21. Qc2 Kh8 $2 (21... c4 $11 22. bxc4 (22. Qxc4 Rc8 $17 {[%mdl 64] Pin}) (22. dxc4 Nb4 $17) 22... Nb4) 22. Bd2 $1 $18 N7b6 23. Rhg1 ({And not} 23. Nxc5 Qa3+ 24. Kb1 Rc8 $17) 23... c4 24. dxc4 Nxc4 25. bxc4 Rc8 26. Kb2 Rxc4 27. Qb3 Bxe4 28. Rc1 (28. Ka1 $1 $16) 28... Rd4 $1 $11 {[%cal Rd4d2]} 29. Bc3 $40 {[%mdl 128] White mounts an attack.} Nxc3 30. Rxc3 $2 (30. Qxc3 $11 {and White is okay.} Qf6 31. Ka1) 30... Rd2+ $1 $19 31. Ka1 $2 (31. Kc1 Qh6 32. Re3 Rxf2 33. Rd1) 31... Bd5 $1 {[%cal Rd5b3]} 32. Qb8+ {[#]} Bg8 $1 {[%csl Gd2,Gg8][%cal Ra6a2]} 33. a3 Qe2 34. Rgc1 Ra2+ 35. Kb1 {[#] Now R1c2 and White clings on.} Ra1+ $3 {[%mdl 576] Decoy, Clearance} 36. Kxa1 Qa2# {Weighted Error Value: White=0.59/Black=0.17} 0-1

[Event "African Online-ch Women 2021"]
[Site "Online"]
[Date "2021.02.01"]
[Round "5.4"]
[White "Francis, Onkemetse"]
[Black "Rodriguez Guevara, Celia M."]
[Result "1-0"]
[WhiteElo "1798"]
[BlackElo "1849"]
[Annotator "NA RC"]
[PlyCount "103"]
[EventDate "2021.02.01"]
[EventType "swiss"]
[EventCountry "NET"]
[SourceTitle "playchess.com"]
[Source "ChessBase"]
[SourceQuality "1"]
[TimeControl "1500+10"]

1. e4 {[%emt 0:00:00]} d5 {[%emt 0:00:04]} 2. exd5 {[%emt 0:00:15]} Qxd5 {[%emt 0:00:03]} 3. Nc3 {[%emt 0:00:14]} Qa5 {[%emt 0:00:02]} 4. Nf3 {[%emt 0:00:08]} Nf6 {[%emt 0:00:04]} 5. Bc4 {[%emt 0:01:29]} Bf5 {[%emt 0:00:31]} 6. O-O {[%emt 0:01:23]} e6 {[%emt 0:00:24]} 7. h3 {[%emt 0:01:37]} c6 {[%emt 0:00:32]} 8. d4 {[%emt 0:00:08]} Bd6 {[%emt 0:00:29]} 9. Bd2 {[%emt 0:01:26]} Qc7 {[%emt 0:00:05]} 10. Re1 {[%emt 0:01:05]} Nbd7 {[%emt 0:00:07]} 11. a3 {[%emt 0:00:35]} O-O-O {[%emt 0:00:32]} 12. b4 {[%emt 0:00:07]} g5 {[%emt 0:01:42]} 13. Nxg5 {[%emt 0:03:18]} Rhg8 {[%emt 0:02:08] [#]} 14. Bd3 {[%emt 0:01:13]} ({White should play} 14. Qf3 $1 $16) 14... Bxd3 {[%emt 0:03:14]} 15. cxd3 {[%emt 0:00:05]} Rg7 {[%emt 0:00:01]} 16. Qf3 {[%emt 0:06:16]} Rdg8 {[%emt 0:01:22]} 17. Nge4 {[%emt 0:00:11]} Rxg2+ {[%emt 0:01:21]} 18. Qxg2 {[%emt 0:00:03]} Rxg2+ {[%emt 0:00:25]} 19. Kxg2 {[%emt 0:00:03]} Bf4 {[%emt 0:02:05]} 20. Bxf4 {[%emt 0:01:46]} Qxf4 $15 {[%emt 0:00:03]} 21. b5 {[%emt 0:00:25]} Nh5 {[%emt 0:00:49]} 22. bxc6 {[%emt 0:00:35]} bxc6 {[%emt 0:00:04]} 23. Re3 {[%emt 0:00:47]} f5 {[%emt 0:01:42]} 24. Ne2 {[%emt 0:00:52]} Qh6 {[%emt 0:00:55]} 25. Nc5 {[%emt 0:00:35]} Nxc5 {[%emt 0:01:20]} 26. dxc5 {[%emt 0:00:03]} Qg7+ {[%emt 0:00:43]} 27. Ng3 {[%emt 0:00:27]} f4 {[%emt 0:01:07]} 28. Rxe6 {[%emt 0:00:08]} Qxa1 {[%emt 0:00:55]} 29. Nxh5 {[%emt 0:00:04]} Qxa3 {[%emt 0:00:07]} 30. Nxf4 {[%emt 0:00:19]} Qxc5 {[%emt 0:00:26]} 31. Re8+ {[%emt 0:00:17]} Kd7 {[%emt 0:00:03]} 32. Rg8 {[%emt 0:00:33]} Qe7 {[%emt 0:00:25]} 33. Rb8 {[%emt 0:00:59]} Kc7 {[%emt 0:00:14]} 34. Rb1 {[%emt 0:00:30]} a5 {[%emt 0:00:10]} 35. Rc1 {[%emt 0:00:13]} a4 {[%emt 0:00:05]} 36. Nd5+ {[%emt 0:00:03]} Kd6 {[%emt 0:00:11]} 37. Nxe7 {[%emt 0:00:03]} Kxe7 {[%emt 0:00:02]} 38. Ra1 {[%emt 0:00:02]} Kd6 {[%emt 0:00:08]} 39. Rxa4 {[%emt 0:00:04]} Kd5 {[%emt 0:00:03]} 40. f4 {[%emt 0:00:06]} c5 {[%emt 0:00:03]} 41. Kg3 {[%emt 0:00:02]} Ke6 {[%emt 0:00:06]} 42. Rc4 {[%emt 0:00:04]} Kd5 {[%emt 0:00:04]} 43. f5 {[%emt 0:00:03]} Ke5 {[%emt 0:00:04]} 44. Rxc5+ {[%emt 0:00:03]} Kd4 {[%emt 0:00:02]} 45. Rc7 {[%emt 0:00:03]} Kxd3 {[%emt 0:00:02]} 46. f6 {[%emt 0:00:02]} Ke4 {[%emt 0:00:02]} 47. f7 {[%emt 0:00:02]} h5 {[%emt 0:00:03]} 48. f8=R {[%emt 0:00:06]} h4+ {[%emt 0:00:03]} 49. Kxh4 {[%emt 0:00:02]} Kd5 {[%emt 0:00:02]} 50. Rd8+ {[%emt 0:00:03]} Ke6 {[%emt 0:00:02]} 51. Kg5 {[%emt 0:00:07]} Ke5 {[%emt 0:00:04]} 52. Re7# {[%emt 0:00:04]} 1-0

[Event "African Online-ch Women 2021"]
[Site "Online"]
[Date "2021.02.01"]
[Round "5.5"]
[White "Madelta Glenda"]
[Black "Charinda, Kudzanayi"]
[Result "0-1"]
[WhiteElo "1420"]
[BlackElo "1710"]
[Annotator "NA RC"]
[PlyCount "66"]
[EventDate "2021.02.01"]
[EventType "swiss"]
[EventCountry "NET"]
[SourceTitle "playchess.com"]
[Source "ChessBase"]
[SourceQuality "1"]
[TimeControl "1500+10"]

1. d4 {[%emt 0:00:00]} Nf6 {[%emt 0:01:32]} 2. Nc3 {[%emt 0:00:11]} e6 {[%emt 0:00:05]} 3. Bf4 {[%emt 0:00:06]} d6 {[%emt 0:00:22]} 4. e3 {[%emt 0:00:08]} Be7 {[%emt 0:00:08]} 5. Bd3 {[%emt 0:00:06]} O-O {[%emt 0:00:11]} 6. Nf3 {[%emt 0:00:03]} Re8 {[%emt 0:00:05]} 7. h3 {[%emt 0:00:04]} Bf8 {[%emt 0:00:10]} 8. O-O {[%emt 0:00:07]} Nbd7 {[%emt 0:00:36]} 9. e4 {[%emt 0:00:29]} a6 {[%emt 0:01:09]} 10. Bg5 {[%emt 0:00:20]} h6 {[%emt 0:00:22]} 11. Bh4 {[%emt 0:00:07]} Be7 {[%emt 0:00:04]} 12. Bg3 {[%emt 0:00:51]} b5 {[%emt 0:01:04]} 13. a3 {[%emt 0:00:12]} Bb7 {[%emt 0:00:07]} 14. Re1 {[%emt 0:00:59]} c5 {[%emt 0:00:16]} 15. e5 {[%emt 0:01:59]} dxe5 {[%emt 0:00:13]} 16. dxe5 {[%emt 0:00:12]} Nd5 {[%emt 0:00:12]} 17. Nxd5 {[%emt 0:00:27]} Bxd5 {[%emt 0:00:07]} 18. Be4 {[%emt 0:00:12]} Bxe4 {[%emt 0:01:45]} 19. Rxe4 {[%emt 0:00:15]} Nf8 {[%emt 0:00:25]} 20. Qe2 {[%emt 0:01:00]} Qc7 {[%emt 0:00:39]} 21. Nh2 {[%emt 0:01:58]} Red8 {[%emt 0:01:35]} 22. Qh5 {[%emt 0:00:34]} Ng6 {[%emt 0:00:33]} 23. Ng4 {[%emt 0:01:00]} Qc6 {[%emt 0:01:33]} 24. Rae1 {[%emt 0:00:23]} Rd4 {[%emt 0:00:23]} 25. R4e2 {[%emt 0:01:17]} Bh4 {[%emt 0:04:06]} 26. Bxh4 {[%emt 0:01:42]} Nf4 {[%emt 0:00:50]} 27. Nxh6+ {[%emt 0:00:14]} gxh6 {[%emt 0:00:25]} 28. Qg4+ {[%emt 0:01:27]} Kh7 {[%emt 0:00:28]} 29. Kf1 {[%emt 0:01:53]} Rg8 {[%emt 0:01:04]} 30. Qf3 {[%emt 0:02:15]} Qxf3 {[%emt 0:00:06]} 31. gxf3 {[%emt 0:00:06]} Nxe2 {[%emt 0:00:03]} 32. Rxe2 {[%emt 0:00:03]} Rxh4 {[%emt 0:00:04]} 33. Rd2 {[%emt 0:00:08]} Rxh3 {[%emt 0:00:20]} 0-1

[Event "African Online-ch Women 2021"]
[Site "Online"]
[Date "2021.02.01"]
[Round "5.6"]
[White "Caxita, Esperanca"]
[Black "Shaba, Linda Dalitso"]
[Result "0-1"]
[WhiteElo "1882"]
[BlackElo "1603"]
[Annotator "NA RC"]
[PlyCount "98"]
[EventDate "2021.02.01"]
[EventType "swiss"]
[EventCountry "NET"]
[SourceTitle "playchess.com"]
[Source "ChessBase"]
[SourceQuality "1"]
[TimeControl "1500+10"]

1. e4 {[%emt 0:00:00]} e6 {[%emt 0:00:14]} 2. d4 {[%emt 0:00:05]} d5 {[%emt 0:00:02]} 3. exd5 {[%emt 0:00:02]} exd5 {[%emt 0:00:04]} 4. Bd3 {[%emt 0:00:05]} Nf6 {[%emt 0:00:07]} 5. Nf3 {[%emt 0:00:02]} Bd6 {[%emt 0:00:03]} 6. O-O {[%emt 0:00:05]} O-O {[%emt 0:00:03]} 7. Bg5 {[%emt 0:00:04]} Bg4 {[%emt 0:00:04]} 8. Nbd2 {[%emt 0:00:09]} Nbd7 {[%emt 0:00:04]} 9. c3 {[%emt 0:00:02]} c6 {[%emt 0:00:03]} 10. Re1 {[%emt 0:00:07]} Qc7 {[%emt 0:00:11]} 11. h3 {[%emt 0:00:10]} Bh5 {[%emt 0:00:04]} 12. Qc2 {[%emt 0:00:03]} Rfe8 {[%emt 0:00:06]} 13. a3 {[%emt 0:00:59]} a5 {[%emt 0:00:27]} 14. Rac1 {[%emt 0:01:44]} b5 {[%emt 0:00:24]} 15. a4 {[%emt 0:00:37]} Bg6 {[%emt 0:02:41]} 16. Ra1 {[%emt 0:01:06]} b4 {[%emt 0:00:57]} 17. Bxg6 {[%emt 0:01:28]} hxg6 {[%emt 0:00:06]} 18. cxb4 {[%emt 0:01:34]} Bxb4 {[%emt 0:00:11]} 19. Rac1 {[%emt 0:00:22]} Rxe1+ {[%emt 0:00:10]} 20. Nxe1 {[%emt 0:00:14]} Rc8 {[%emt 0:00:27]} 21. Nd3 {[%emt 0:00:12]} Bd6 {[%emt 0:01:02]} 22. Nb3 {[%emt 0:01:27]} Qb6 {[%emt 0:01:21]} (22... Qa7 $11) 23. Bd2 {[%emt 0:01:29]} Bb4 {[%emt 0:03:28]} 24. Bxb4 {[%emt 0:04:13]} axb4 {[%emt 0:00:06]} 25. Ndc5 {[%emt 0:00:12]} Nxc5 {[%emt 0:00:29]} 26. Qxc5 {[%emt 0:00:07]} Qb8 {[%emt 0:02:59]} 27. Na5 {[%emt 0:02:26]} Ne4 $18 {[%emt 0:04:51]} (27... Qf4 $16 {was called for.}) 28. Qc2 {[%emt 0:00:06]} Qf4 {[%emt 0:03:14]} 29. Rf1 {[%emt 0:04:31]} c5 {[%emt 0:02:14]} 30. Nb3 {[%emt 0:02:14]} c4 {[%emt 0:00:14]} 31. Qc1 {[%emt 0:00:36]} Qf6 {[%emt 0:01:05]} 32. f3 {[%emt 0:00:27]} Ng3 {[%emt 0:00:09]} 33. Re1 {[%emt 0:00:06]} Ra8 {[%emt 0:00:08]} 34. Na1 {[%emt 0:00:41]} Qxd4+ {[%emt 0:00:10]} 35. Kh2 {[%emt 0:00:03]} Nf5 {[%emt 0:00:09]} 36. Nc2 {[%emt 0:00:11]} Qc5 {[%emt 0:00:10]} 37. Qa1 {[%emt 0:00:23]} d4 {[%emt 0:00:22]} 38. Qd1 {[%emt 0:01:13]} d3 {[%emt 0:00:07]} 39. Na1 {[%emt 0:00:08]} Qd4 {[%emt 0:00:17]} 40. b3 {[%emt 0:00:18]} c3 {[%emt 0:00:08]} 41. Re4 {[%emt 0:00:46]} Qd5 {[%emt 0:00:21]} 42. g3 {[%emt 0:00:21]} Qd6 {[%emt 0:00:09]} 43. f4 {[%emt 0:00:16]} Rc8 {[%emt 0:00:26]} 44. g4 {[%emt 0:00:26]} c2 {[%emt 0:00:19]} 45. Nxc2 {[%emt 0:00:09]} dxc2 {[%emt 0:00:05]} 46. Qc1 {[%emt 0:00:11]} Qd1 {[%emt 0:00:30]} 47. Re1 {[%emt 0:00:06]} Qxe1 {[%emt 0:00:05]} 48. Qxe1 {[%emt 0:00:09]} c1=Q {[%emt 0:00:06]} 49. Qxc1 {[%emt 0:00:04]} Rc7 {[%emt 0:00:04]} 0-1

[Event "African Online-ch Women 2021"]
[Site "Online"]
[Date "2021.02.01"]
[Round "5.7"]
[White "Miladi, Amen"]
[Black "Farnela, Nuzela Zacarias Musi"]
[Result "1-0"]
[WhiteElo "1802"]
[BlackElo "1431"]
[Annotator "NA RC"]
[PlyCount "95"]
[EventDate "2021.02.01"]
[EventType "swiss"]
[EventCountry "NET"]
[SourceTitle "playchess.com"]
[Source "ChessBase"]
[SourceQuality "1"]
[TimeControl "1500+10"]

1. e4 {[%emt 0:00:00]} e5 {[%emt 0:00:07]} 2. Nc3 {[%emt 0:00:06]} Nc6 {[%emt 0:00:08]} 3. g3 {[%emt 0:00:02]} Nf6 {[%emt 0:00:07]} 4. Bg2 {[%emt 0:00:02]} Bc5 {[%emt 0:00:11]} 5. Nge2 {[%emt 0:00:03]} d6 {[%emt 0:00:08]} 6. d3 {[%emt 0:00:02]} h6 {[%emt 0:00:10]} 7. O-O {[%emt 0:00:02]} a6 {[%emt 0:00:22]} 8. h3 {[%emt 0:00:08]} Be6 {[%emt 0:00:12]} 9. Kh2 {[%emt 0:00:02]} Qd7 {[%emt 0:00:31]} 10. a3 {[%emt 0:00:07]} g5 {[%emt 0:00:23]} 11. b4 {[%emt 0:00:27]} Ba7 {[%emt 0:00:19]} 12. b5 {[%emt 0:01:02]} Nd4 {[%emt 0:00:26]} 13. bxa6 {[%emt 0:01:05]} bxa6 {[%emt 0:00:13]} 14. Be3 {[%emt 0:00:08]} Bxh3 {[%emt 0:01:25]} 15. Bxd4 {[%emt 0:01:31]} Bxg2 {[%emt 0:00:09]} 16. Kxg2 {[%emt 0:00:55]} Bxd4 {[%emt 0:00:25]} 17. Nxd4 {[%emt 0:00:06]} exd4 {[%emt 0:00:04]} 18. Nd5 {[%emt 0:00:11]} Nxd5 {[%emt 0:00:49]} 19. exd5 {[%emt 0:00:04]} O-O {[%emt 0:00:06]} 20. Qh5 {[%emt 0:00:19]} Kg7 {[%emt 0:00:23]} 21. Rh1 {[%emt 0:01:00]} Rh8 {[%emt 0:00:22]} 22. Qf3 {[%emt 0:00:11]} Rae8 {[%emt 0:00:28]} 23. Rae1 {[%emt 0:00:39]} Re5 {[%emt 0:01:57]} 24. Rxe5 {[%emt 0:04:01]} dxe5 {[%emt 0:00:21]} 25. Qe4 {[%emt 0:00:03]} f6 {[%emt 0:01:03]} 26. f4 {[%emt 0:02:30]} gxf4 {[%emt 0:02:44]} 27. gxf4 {[%emt 0:00:05]} Qg4+ {[%emt 0:00:06]} 28. Kf2 {[%emt 0:00:02]} Kf7 {[%emt 0:01:11]} 29. fxe5 {[%emt 0:00:57]} Qxe4 {[%emt 0:00:12]} 30. dxe4 {[%emt 0:00:01]} fxe5 {[%emt 0:00:05]} 31. Rh5 {[%emt 0:00:10]} Ke7 {[%emt 0:01:36]} 32. Rxe5+ {[%emt 0:00:09]} Kd7 {[%emt 0:00:05]} 33. Kg3 {[%emt 0:00:22]} Re8 {[%emt 0:00:58]} 34. Rxe8 {[%emt 0:01:19]} Kxe8 {[%emt 0:00:05]} 35. Kf4 {[%emt 0:00:47]} Kd7 {[%emt 0:00:06]} 36. Ke5 {[%emt 0:00:31]} h5 {[%emt 0:01:26]} 37. Kxd4 {[%emt 0:00:12]} h4 {[%emt 0:00:12]} 38. Ke3 {[%emt 0:00:02]} Kd6 {[%emt 0:00:21]} 39. c4 {[%emt 0:00:07]} h3 {[%emt 0:00:05]} 40. Kf3 {[%emt 0:00:02]} Ke5 {[%emt 0:00:04]} 41. c5 {[%emt 0:00:09]} h2 {[%emt 0:00:31]} 42. Kg2 {[%emt 0:00:03]} Kxe4 {[%emt 0:00:06]} 43. d6 {[%emt 0:00:02]} Kd5 {[%emt 0:00:53]} 44. dxc7 {[%emt 0:00:06]} Kxc5 {[%emt 0:00:04]} 45. c8=Q+ {[%emt 0:00:03]} Kb5 {[%emt 0:00:06]} 46. Kxh2 {[%emt 0:00:03]} Ka4 {[%emt 0:00:03]} 47. Qxa6+ {[%emt 0:00:02]} Kb3 {[%emt 0:00:04]} 48. Kg3 {[%emt 0:00:02]} 1-0